• 首页
  • 本馆介绍
  • 公告通知
  • 最新文献
  • 馆藏检索
  • 电子资源
  • 读者导购
  • 参考咨询
  • 我的图书馆
  • 登录
  • 详细信息显示
  • 放入我的书架
  • 预约/预借图书
  • 作者相关作品
  • 分类相关作品
  • 丛书相关作品
  • 出版社相关作品

书目信息

  • 表格格式
  • 工作单格式
  • 卡片格式
题名:
现代化视野下的私立中学研究
    
 
作者: 周志刚 著
分册:  
出版信息: 北京   中国社会科学出版社  2015.01
页数: 279页
开本: 24cm
丛书名: 马克思主义理论研究丛书
单 册:
中图分类: G639.21
科图分类:
主题词: 私立学校--中学--发展--研究--中国--1902-1936
电子资源:
ISBN: 978-7-5161-5362-8
000 01329oam2 2200277 450
001 007365008
005 20160606171156.53
010    @a978-7-5161-5362-8@dCNY55.00
100    @a20150715d2015 em y0chiy0110 ea
101 0  @achi
102    @aCN@b110000
105    @ak z 000yy
106    @ar
200 1  @a现代化视野下的私立中学研究@9xian dai hua shi ye xia de si li zhong xue yan jiu@e1902-1936@f周志刚著
210    @a北京@c中国社会科学出版社@d2015.01
215    @a279页@d24cm
225 2  @a马克思主义理论研究丛书
300    @a河南大学马克思主义学院出版基金资助 中国博士后科学基金资助项目(2014M551998) 河南省教育厅人文社会科学研究规划项目(2014-gh-271)
330    @a本书以现代化的视野对转型期的私立中学进行研究,时间断限自1902年至1936年。其发展可分为三个阶段:1902年至1911年为私立中学的初步发展阶段,亦是其制度化的开始;1912年至1927年为私立中学的快速发展阶段,但质量良莠不齐,亟待规范;1928年至1936年为私立中学的稳定、规范发展阶段,该阶段私立中学的比例稳定在全国中学的50%左右,随着法制的健全,私立中学的发展有章可循,发展步入成熟。
333    @a教育工作者及研究者
461  0 @12001 @a马克思主义理论研究丛书
606 0  @a私立学校@x中学@x发展@x研究@y中国@z1902-1936
690    @aG639.21@v5
701  0 @a周志刚@9zhou zhi gang@f(1973-)@4著
801  0 @aCN@b人天书店@c20150715
905    @b878968-73@dG639.21@e1186@f6
    
    现代化视野下的私立中学研究:1902-1936/周志刚著.-北京:中国社会科学出版社,2015.01
    279页;24cm.-(马克思主义理论研究丛书)
    河南大学马克思主义学院出版基金资助 中国博士后科学基金资助项目(2014M551998) 河南省教育厅人文社会科学研究规划项目(2014-gh-271).-使用对象:教育工作者及研究者
    
    ISBN 978-7-5161-5362-8:CNY55.00
    本书以现代化的视野对转型期的私立中学进行研究,时间断限自1902年至1936年。其发展可分为三个阶段:1902年至1911年为私立中学的初步发展阶段,亦是其制度化的开始;1912年至1927年为私立中学的快速发展阶段,但质量良莠不齐,亟待规范;1928年至1936年为私立中学的稳定、规范发展阶段,该阶段私立中学的比例稳定在全国中学的50%左右,随着法制的健全,私立中学的发展有章可循,发展步入成熟。
●
相关链接 在E读中查询图书 在五车中查询图书 在当当中查询图书 在豆瓣中查询图书


正题名:现代化视野下的私立中学研究     索取号:G639.21/1186         预约/预借

序号 登录号 条形码 馆藏地/架位号 状态 备注
1 878968   208789685   第一样本阅览室/ [索取号:G639.21/1186] 在馆    
2 878969   208789694   教育系资料室/ [索取号:G639.21/1186] 在馆    
3 878970   208789701   教育系资料室/ [索取号:G639.21/1186] 在馆    
4 878971   208789710   教育系资料室/ [索取号:G639.21/1186] 在馆    
5 878972   208789729   第四借阅区/ [索取号:G639.21/1186] 在馆    
6 878973   208789738   第四借阅区/ [索取号:G639.21/1186] 在馆    
唐山师范学院图书馆 欢迎您!
大连网信软件有限公司© 版权所有